|
|
|
|
| LEADER |
00000cam a2200000 4500 |
| 001 |
vtls012132037 |
| 003 |
SK-MaSNL |
| 005 |
20260301055443.0 |
| 008 |
220425s2022 xr g 010 f slo |
| 015 |
|
|
|a SNBZSA2023/12
|
| 020 |
|
|
|a 9788020614025
|q (viazané)
|
| 040 |
|
|
|a SNK
|b slo
|c SNK
|e rda
|
| 041 |
0 |
|
|a slo
|
| 044 |
|
|
|a xr
|c CZ
|
| 072 |
|
7 |
|a 821.162.4-3
|x Slovenská próza
|2 konspekt
|
| 080 |
|
|
|a 821.162.4-31
|2 2011
|
| 100 |
1 |
|
|a Pavelková, Kristína,
|d 1985-
|4 aut
|9 162251
|
| 245 |
1 |
|
|a Takmer dokonalý muž
|c Kristína Pavelková
|
| 264 |
|
1 |
|a Praha
|b Naše vojsko
|c 2022
|
| 300 |
|
|
|a 286 strán
|c 19 cm
|
| 336 |
|
|
|a text
|b txt
|2 rdacontent
|
| 337 |
|
|
|a bez média
|b n
|2 rdamedia
|
| 338 |
|
|
|a zväzok
|b nc
|2 rdacarrier
|
| 500 |
|
|
|a Obsahuje stručné biografické a profesijné údaje o autorke na záložke prebalu publikácie
|
| 650 |
0 |
7 |
|a slovenské romány
|2 SNKPH
|9 103163
|
| 655 |
|
7 |
|a Slovak fiction
|2 SNKPHeng
|9 277096
|
| 852 |
|
|
|a Slovenská národná knižnica
|
| 919 |
|
|
|a 978-80-206-1402-5
|
| 954 |
|
|
|a beletria pôvodná (slovenská)
|2 lita
|
| 958 |
|
|
|a LX
|
| 958 |
|
|
|a ZS
|
| 999 |
|
|
|c 613397
|d 615327
|
| 952 |
|
|
|a SNK
|b SNK
|y PREZ
|7 0
|p 17A1539395
|o snkSD 92040
|i snk2023/16895
|8 4
|g 12.78
|0 0
|1 0
|4 0
|d 2023-01-20
|f 1
|l 0
|r 2026-02-23 16:30:08
|w 2026-02-23
|